000 00601nam a2200181Ia 4500
003 GCL
008 140319s9999 xx 000 0 ara d
040 _aGCL /
_cGCL
082 0 4 _a551.22
_bم ز
100 1 _aمحمد الشرقاوى
245 1 0 _aالزلازل وتوابعها: اسبابها- مخاطرها- تاريخها- التنبؤ بها- مواجهتها /
_cمحمد الشرقاوى
260 _a[S.N] :
_bمركز الاهرام للترجمة والنشر ،
_c1992
300 _a115 ص
490 _a
650 0 4 _aالزلازل
650 0 4 _aالتنبؤ
942 _2ddc
_cBK
999 _c40391
_d40391